000 00398nam a2200145 i 4500
001 bg
245 0 _aSurowce mineralne świata :
_bCynk-Zn, ołów-Pb, kadm-Cd /
_coprac. Wiesław Blaschke [et al.].
260 _aWarszawa,
_c1978.
700 1 _aBlasche, Wiesław.
_eOprac.
040 _cBPK
041 _apol
080 _a669.4/.5+669.7
942 _cKS
008 s pl f |000 0 pol
999 _c9794
_d9794
856 _uhttp://koha.tu.koszalin.pl/cgi-bin/koha/opac-detail.pl?biblionumber=9794
_yKatalog online BPK